000 01172pab a2200181 454500
008 180718b2011 xxu||||| |||| 00| 0 eng d
100 _aCarlos, R. Alba
245 _aAdminstrative traditon and reforms in Spain: Adaptation versus innovation
260 _c2011
300 _ap.783-800.
520 _aThe main purpose of this paper is understanding public administration formation and change in Spain. Its development before and since the years of Franco from 1939 to 1975, is noticeably path dependent in nature. As this paper will show, the foundations were laid before the Franco regime. Then came a period of political domination of the bureaucracy and the emergence of a key structural element of Spanish administration, the special corps. The paper covers the period of political transition, democratic consolidation, and the many processes of administrative reforms. These include the reforms of the Spanish civil service as well as the deep processes of reform. - Reproduced.
650 _aAdministrative reform - Spain
650 _aAdminstrative reform
700 _aCarmen, Navarro
773 _aPublic Administration
908 _aN
909 _a94177
999 _c94177
_d94177